000
00255nam a22001097a 4500
008
170118b xxu||||| |||| 00| 0 eng d
020
_a
9780131136076
041
_a
eng
080
_a
618.2
245
_a
INTERMEDIATE EMERGENCY CARE
_c
BLEDSOE
942
_2
udc
_c
BK
999
_c
3044
_d
3044